Nové postupy prípravy dikarboxylových kyselín

Salvato in:
Dettagli Bibliografici
Autore principale: Valocková, Denisa (Autore)
Altri autori: Gašparovičová, Dana (Relatore della tesi)
Natura: Manoscritto Libro
Lingua:slovacco
Pubblicazione: 2016
Soggetti:
Accesso online:http://is.stuba.sk/zp/portal_zp.pl?podrobnosti=111335
Tags: Aggiungi Tag
Nessun Tag, puoi essere il primo ad aggiungerne!!

MARC

LEADER 00000ntm a22000003a 4500
001 stuzp58612
003 SK-STU
005 20160719155624.3
007 ta
008 150427s2015----xo-----f-mn---000-0-slo-d
040 |a STU  |b slo 
041 0 |a slo 
100 1 |a Valocková, Denisa  |u 048130  |4 aut  |U FCHPT Ústav organickej chémie, katalýzy a petrochémie  |T FCHPT Oddelenie organickej technológie, katalýzy a ropy  |X 65195  |U C8130  |Y 123  |7 65195 
242 0 1 |a New Methods in Preparation of Dicarboxylic Acids  |y eng 
245 1 0 |a Nové postupy prípravy dikarboxylových kyselín 
260 |c 2016 
650 4 |a oxidácia  |2 slo 
650 4 |a cyklohexanón  |2 slo 
650 4 |a cyklopentanón  |2 slo 
650 4 |a kyselina glutárová  |2 slo 
650 4 |a kyselina adipová  |2 slo 
650 4 |a glutaric acid  |2 eng 
650 4 |a cyclohexanone  |2 eng 
650 4 |a adipic acid  |2 eng 
650 4 |a cyclopentanone  |2 eng 
650 4 |a oxidation  |2 eng 
700 1 |a Gašparovičová, Dana  |u 048130  |k Z1  |4 ths  |U FCHPT Ústav organickej chémie, katalýzy a petrochémie  |T FCHPT Oddelenie organickej technológie, katalýzy a ropy  |X 3985  |U C8130  |Y 123  |7 A000003985 
856 4 |u http://is.stuba.sk/zp/portal_zp.pl?podrobnosti=111335 
SQL |a stuzp58612  |b DBP  |c SLO  |d Nové postupy prípravy dikarboxylových kyselín  |e 65195  |f Valocková, Denisa  |g 048130  |h 3985  |i Gašparovičová, Dana  |j 20160711  |k 753  |l 04  |m http://is.stuba.sk/zp/portal_zp.pl?podrobnosti=111335  |n B-CHEMAT  |o 4.1.14. chémia, 5.2.18. chemické technológie